Abundancia : el futuro es mejor de lo que piensas /
Desde una perspectiva optimista se exponen los elementos del desarrollo científico y tecnológico que favorecen la satisfacción de necesidades básicas de cada hombre, mujer y niño del planeta: explica cómo la abundancia para todos es posible. Se documenta cómo los adelantos tecnológicos permitirán ob...
Guardado en:
| Autor principal: | |
|---|---|
| Otros autores: | |
| Formato: | Libro |
| Idioma: | Español |
| Publicado: |
Barcelona, España :
Antoni Bosch,
2013, c2013
|
| Temas: | |
| Etiquetas: |
Sin etiquetas, Sé el primero en etiquetar este registro!
|
MARC
| LEADER | 00000nam^a2200000^a^4500 | ||
|---|---|---|---|
| 001 | 000408896 | ||
| 005 | 20250521000000.0 | ||
| 009 | 20260310122006.039 | ||
| 020 | |a 978-84-95348-92-0 | ||
| 037 | |a Acervo ITESO - Biblioteca | ||
| 041 | |a ESP | ||
| 082 | |a 303. 483 |b DIA | ||
| 100 | |a Diamandis, Peter H. |e (autor) | ||
| 245 | 1 | 0 | |a Abundancia : |b el futuro es mejor de lo que piensas / |c P.H. Diamandis, S. Kotler ; tr. por Ricardo Artola. |
| 264 | 4 | |a Barcelona, España : |b Antoni Bosch, |c 2013, c2013 | |
| 300 | |a 482 p. | ||
| 336 | |a texto |b txt |2 rdacontenido | ||
| 337 | |a sin mediación |b n |2 rdamedio | ||
| 338 | |a volumen |b nc |2 rdasoporte | ||
| 500 | |a Traducción de: Abundance; The Future is Better Than You Think | ||
| 520 | |a Desde una perspectiva optimista se exponen los elementos del desarrollo científico y tecnológico que favorecen la satisfacción de necesidades básicas de cada hombre, mujer y niño del planeta: explica cómo la abundancia para todos es posible. Se documenta cómo los adelantos tecnológicos permitirán obtener mayores logros en las próximas dos décadas de lo que se ha conseguido en los dos siglos anteriores. | ||
| 521 | |a FIL 2018 EEnlace Centro Universidad Empresa | ||
| 649 | |a XX | ||
| 650 | |a Prospectiva Económica - |x Tema Principal | ||
| 650 | |a Optimismo | ||
| 650 | |a Desarrollo Tecnológico - |x Tema Principal | ||
| 650 | |a Tecnología y Sociedad | ||
| 650 | |a Ciencia y Desarrollo | ||
| 650 | |a Sociología de la Ciencia | ||
| 700 | |a Kotler, Steven |e (autor) | ||
| 910 | |a Fondo General | ||
| 920 | |a Impresos - Libros | ||
| 930 | |a Colección General | ||
| 905 | |a 101 | ||
| 901 | |a 0500317600 |b IT1 |c ACC |i C162996 |u 20250521 | ||
| 902 | |a https://opac.biblio.iteso.mx/vufind/Record/000408896 | ||